| 000 | 00486nam a2200205Ia 4500 | ||
|---|---|---|---|
| 003 | 0100 | ||
| 008 | 130227s9999 xx 000 0 und d | ||
| 040 | _cARRUPELIB | ||
| 050 | _aB2773.D184 | ||
| 100 | _aDaniel, David Mills | ||
| 245 | _aKant's critique of practical reason | ||
| 260 | _aNorwich | ||
| 260 | _bSCM Press | ||
| 260 | _C2009 | ||
| 300 | _aviii | ||
| 300 | _b 118p. 19cm. | ||
| 440 | _aBriefly | ||
| 650 | _bCatholic church--Liturgy--Handbooks | ||
| 942 |
_2lcc _04 |
||
| 999 |
_c5812 _d5812 |
||